Normal view
MARC view
- Saboji Neha - 2K101040 & Prof. Sonali Parchure - Guide
Entry Personal Name
001 - CONTROL NUMBER
- control field: 118931
003 - CONTROL NUMBER IDENTIFIER
- control field: OSt
005 - DATE AND TIME OF LATEST TRANSACTION
- control field: 20230128171337.0
008 - FIXED-LENGTH DATA ELEMENTS
- fixed length control field: 230128|| aca||aabn | a|a d
040 ## - CATALOGING SOURCE
- Original cataloging agency: OSt
- Transcribing agency: OSt
100 ## - HEADING--PERSONAL NAME
- Personal name: Saboji Neha - 2K101040 & Prof. Sonali Parchure - Guide
670 ## - SOURCE DATA FOUND
- Source citation: Work cat.: (OSt)97229: Saboji Neha - 2K101040 & Prof. Sonali Parchure - Guide, Analysis of Financial Viability of a Capital Project & Sensitivity Analysis, 2012